English Top League 200 Goals Club - Statistics

General Stats
  • This quiz has been taken 96 times
    30 since last reset
  • The average score is 9 of 30
Answer Stats
Goals Clubs Answer % Correct
283 Southampton / Blackburn / Newcastle Alan Shearer
100%
310 Everton Dixie Dean
89%
213 Tottenham Harry Kane
89%
357 Chelsea / Tottenham / West Ham Jimmy Greaves
89%
201 Man City / Man United Denis Law
78%
232 Liverpool / Leeds Ian Rush
78%
208 Everton / Man United Wayne Rooney
78%
211 West Ham / Stoke Geoff Hurst
67%
214 West Ham / Everton / Leicester Tony Cottee
56%
255 Bolton Nat Lofthouse
44%
201 Sheffield United Harry Johnson
33%
243 Bolton Joe Smith
33%
201 Sheffield Wednesday Andrew Wilson
22%
309 Derby / Middlesbrough Steve Bloomer
22%
208 Sunderland Bobby Gurney
11%
258 Sunderland / Arsenal Charlie Buchan
11%
240 Huddersfield / Aston Villa / Burnley / Leeds George Brown
11%
287 Liverpool / Aston Villa / Leeds Gordon Hodgson
11%
247 Newcastle / Chelsea / Derby Hughie Gallacher
11%
200 West Ham Vic Watson
11%
204 Leicester Arthur Chandler
0%
214 Aston Villa Billy Walker
0%
207 Sunderland / Arsenal / Man City Dave Halliday
0%
222 Arsenal / Man United / Stoke David Herd
0%
255 Bolton / Arsenal David Jack
0%
235 Middlesbrough George Camsell
0%
200 Middlesbrough George Elliott
0%
219 Aston Villa / Birmingham Harry Hampton
0%
248 Birmingham Joe Bradford
0%
206 West Brom Ronnie Allen
0%
No matching quizzes found
Score Distribution
Percent of People with Each Score
Percentile by Number Answered
Your Score History
You have not taken this quiz since the last reset